=LDR 00000nam 2200000 4500 =001 INLIS000000000060527 =005 20220221021302 =035 ##$$a 0010-0222000081 =007 ta =008 220221###########################0#ind## =020 ##$$a tidak Teridentifikasi =082 ##$$a 027.4 =084 ##$$a 027.4 Pan p =245 ##$$a Panduan Rapat Koordinasi Pengembangan Perpustakaan Umum Propinsi dan Kabupaten / Kota =300 ##$$a 60 halaman ; $c 20 cm =650 #4$$a Perpustakaan Umum =264 ##$$a Jakarta :$b Perpusnas,$c 2016 =336 ##$$a teks$2 rdacontent =337 ##$$a lain-lain$2 rdamedia =338 ##$$a lain-lain$2 rdacarrier =990 ##$$a 06020602